[Event "IND-ch Challengers (Women) 43rd"]
[Site "Chennai"]
[Date "2016.06.22"]
[Round "8"]
[White "Goyal, Arunima"]
[Black "Rajput, Gayatri"]
[Result "1/2-1/2"]
[WhiteElo "1646"]
[BlackElo "1432"]
[PlyCount "46"]
[EventDate "2016.06.17"]
[EventType "swiss"]
[EventRounds "11"]
[EventCountry "IND"]
[SourceTitle "CBM 173 Extra"]
[Source "ChessBase"]
[SourceDate "2016.08.29"]
[SourceVersion "1"]
[SourceVersionDate "2016.08.29"]
[SourceQuality "1"]

1. d4 d5 2. Nf3 Nf6 3. c4 c6 4. e3 e6 5. Bd3 Nbd7 6. 0-0 Bd6 7. Nc3 0-0 8. Qe2 a6 9. a4 e5 10. dxe5 Nxe5 11. Nxe5 Bxe5 12. h3 dxc4 13. Bxc4 Qe7 14. Bd2 Bf5 15. Rfd1 Kh8 16. Be1 Rad8 17. Rxd8 Rxd8 18. Rd1 Rxd1 19. Qxd1 h6 20. Bd3 Bxd3 21. Qxd3 Bc7 22. Kf1 Qd6 23. Qxd6 Bxd6 1/2-1/2